[Event "Staufer op 32nd"]
[Site "Schwaebisch Gmuend"]
[Date "2020.01.04"]
[Round "6"]
[White "Zehring, Mathias"]
[Black "Petitto, Francesco"]
[Result "1/2-1/2"]
[WhiteElo "1861"]
[BlackElo "1680"]
[PlyCount "51"]
[EventDate "2020.01.02"]
[EventType "swiss"]
[EventRounds "9"]
[EventCountry "GER"]
[SourceTitle "EXT 2021"]
[Source "ChessBase"]
[SourceDate "2020.10.23"]
[SourceVersion "1"]
[SourceVersionDate "2020.10.23"]
[SourceQuality "1"]

1. e4 c5 2. c3 Nf6 3. e5 Nd5 4. d4 cxd4 5. Nf3 d6 6. Qxd4 e6 7. Bd3 Nc6 8. Qe4 dxe5 9. Nxe5 Nxe5 10. Qxe5 Qd6 11. Qxd6 Bxd6 12. 0-0 Bd7 13. Nd2 Bc6 14. Ne4 Bc7 15. Re1 0-0-0 16. Bc2 Nf4 17. Bxf4 Bxf4 18. Rad1 Bxe4 19. Bxe4 Bd2 20. Re2 Bg5 21. Ree1 Kb8 22. Kf1 Bd2 23. Re2 Bg5 24. Ree1 Bd2 25. Re2 Bg5 26. Ree1 1/2-1/2

[Event "Pfalz op-B 10th"]
[Site "Neustadt an der Weinstrasse"]
[Date "2019.03.03"]
[Round "5"]
[White "Petitto, Francesco"]
[Black "Koehler, Gernot"]
[Result "0-1"]
[WhiteElo "1717"]
[BlackElo "1873"]
[PlyCount "62"]
[EventDate "2019.03.01"]
[EventType "swiss"]
[EventRounds "7"]
[EventCountry "GER"]
[SourceTitle "CBM 189 Extra"]
[Source "ChessBase"]
[SourceDate "2019.06.03"]
[SourceVersion "1"]
[SourceVersionDate "2019.06.03"]
[SourceQuality "1"]

1. d4 Nf6 2. Bg5 e6 3. e4 Be7 4. Bd3 c5 5. c3 cxd4 6. cxd4 Qb6 7. Nc3 Qxd4 8. Nf3 Qb6 9. 0-0 d6 10. Nb5 e5 11. Be3 Qd8 12. Bxa7 Bd7 13. Bxb8 Qxb8 14. Qb3 0-0 15. Nd2 Bc6 16. Nc3 Qa7 17. Bb5 Rab8 18. Bd3 Rbc8 19. Nc4 Nd7 20. Ne3 Nc5 21. Qc2 Nxd3 22. Qxd3 Rfd8 23. Ncd5 Bf8 24. Nf5 Bxd5 25. Qxd5 Rc5 26. Qd2 d5 27. Qg5 Rd7 28. exd5 Rcxd5 29. Rac1 Qb8 30. Rc3 g6 31. Rfc1 Rd1+ 0-1

[Event "Stuttgart-chB int"]
[Site "Ditzingen"]
[Date "2016.05.07"]
[Round "6"]
[White "Glaeser, Hartmut"]
[Black "Petitto, Francesco"]
[Result "1/2-1/2"]
[WhiteElo "1741"]
[BlackElo "1595"]
[PlyCount "68"]
[EventDate "2016.05.05"]
[EventType "swiss"]
[EventRounds "7"]
[EventCountry "GER"]
[SourceTitle "EXT 2018"]
[Source "ChessBase"]
[SourceDate "2017.10.13"]
[SourceVersion "1"]
[SourceVersionDate "2017.10.13"]
[SourceQuality "1"]

1. f4 g6 2. Nf3 Bg7 3. c4 Nc6 4. e3 e5 5. fxe5 Nxe5 6. d4 Nxf3+ 7. Qxf3 c5 8. d5 d6 9. Nd2 Nf6 10. Bd3 0-0 11. 0-0 Ng4 12. Nb3 Be5 13. g3 Nxh2 14. Kxh2 Qh4+ 15. Kg2 Qh3+ 16. Kf2 Qh2+ 17. Ke1 Bxg3+ 18. Kd1 h5 19. Rh1 Bg4 20. Rxh2 Bxf3+ 21. Re2 Rae8 22. e4 f5 23. Nd2 Bxe2+ 24. Kxe2 fxe4 25. Bxe4 h4 26. Kd3 h3 27. Nf3 h2 28. Bd2 Rxf3+ 29. Bxf3 Kg7 30. Rf1 Rh8 31. Ke3 Rf8 32. Ke2 Re8+ 33. Kd1 Kh7 34. Bc3 Kg8 1/2-1/2

[Event "Stuttgart-chB int"]
[Site "Ditzingen"]
[Date "2014.05.31"]
[Round "7"]
[White "Kovac, Marijo"]
[Black "Petitto, Francesco"]
[Result "1/2-1/2"]
[WhiteElo "1549"]
[BlackElo "1647"]
[PlyCount "94"]
[EventDate "2014.05.29"]
[EventType "swiss"]
[EventRounds "7"]
[EventCountry "GER"]
[SourceTitle "EXT 2015"]
[Source "ChessBase"]
[SourceDate "2014.11.20"]
[SourceVersion "1"]
[SourceVersionDate "2014.11.20"]
[SourceQuality "1"]

1. d4 e6 2. c4 c5 3. d5 exd5 4. cxd5 Nf6 5. Nc3 d6 6. e4 g6 7. Nf3 a6 8. a4 Bg4 9. Be2 Bg7 10. 0-0 0-0 11. Nd2 Bxe2 12. Qxe2 Re8 13. a5 Nxe4 14. Ndxe4 f5 15. Qc4 fxe4 16. Nxe4 Be5 17. Bg5 Qc7 18. Nf6+ Bxf6 19. Bxf6 Nd7 20. Bc3 Ne5 21. Qh4 Qf7 22. Rad1 Re7 23. f4 Nc4 24. Qf6 Qxf6 25. Bxf6 Rf7 26. Rc1 Nd2 27. Rfd1 Nf3+ 28. gxf3 Rxf6 29. Rc4 Raf8 30. Re1 Rxf4 31. Rxf4 Rxf4 32. Re6 Rxf3 33. Rxd6 Rb3 34. Re6 Rxb2 35. d6 Rd2 36. Kf1 c4 37. Ke1 c3 38. h4 Rd5 39. Re8+ Kf7 40. Rc8 Rxd6 41. Rxc3 Rc6 42. Rd3 Ke7 43. Rb3 Rc7 44. Rb6 Kd8 45. Kf2 Rc5 46. Rxb7 Rxa5 47. Rxh7 Rh5 1/2-1/2

[Event "Stuttgart-chB int"]
[Site "Ditzingen"]
[Date "2013.05.11"]
[Round "5"]
[White "Petitto, Francesco"]
[Black "Schreiber, Winfried"]
[Result "0-1"]
[WhiteElo "1663"]
[BlackElo "1573"]
[PlyCount "60"]
[EventDate "2013.05.09"]
[EventType "swiss"]
[EventRounds "7"]
[EventCountry "GER"]
[SourceTitle "EXT 2014"]
[Source "ChessBase"]
[SourceDate "2013.11.20"]
[SourceVersion "1"]
[SourceVersionDate "2013.11.20"]
[SourceQuality "1"]

1. d4 Nf6 2. Nf3 g6 3. e3 Bg7 4. Bd3 0-0 5. 0-0 d5 6. Nbd2 Bg4 7. Re1 Nbd7 8. h3 Bxf3 9. Qxf3 c6 10. e4 dxe4 11. Nxe4 Nxe4 12. Qxe4 e6 13. c3 h6 14. Bd2 Re8 15. g4 Qc7 16. f4 c5 17. d5 Nf6 18. Qg2 Nxd5 19. f5 Nf4 20. Bxf4 Qxf4 21. Re4 Qc7 22. fxg6 fxg6 23. Rae1 e5 24. R4e2 Qd6 25. Rd2 Qb6 26. Qd5+ Kh8 27. Qf7 c4+ 28. Kh2 cxd3 29. Rxd3 Rf8 30. Qe7 Qf2+ 0-1

[Event "Stuttgart-chB int"]
[Site "Ditzingen"]
[Date "2013.05.10"]
[Round "4"]
[White "Haefele, Torsten"]
[Black "Petitto, Francesco"]
[Result "1-0"]
[WhiteElo "1855"]
[BlackElo "1663"]
[PlyCount "55"]
[EventDate "2013.05.09"]
[EventType "swiss"]
[EventRounds "7"]
[EventCountry "GER"]
[SourceTitle "EXT 2014"]
[Source "ChessBase"]
[SourceDate "2013.11.20"]
[SourceVersion "1"]
[SourceVersionDate "2013.11.20"]
[SourceQuality "1"]

1. e4 e6 2. d4 d5 3. e5 c5 4. c3 Nc6 5. Nf3 Bd7 6. Bd3 Qb6 7. 0-0 cxd4 8. cxd4 Nxd4 9. Nxd4 Qxd4 10. Qe2 Ne7 11. Nc3 Nc6 12. Re1 Nxe5 13. Qxe5 Qxd3 14. Nxd5 f6 15. Nxf6+ gxf6 16. Qxf6 Rg8 17. Rxe6+ Bxe6 18. Qxe6+ Be7 19. Qxg8+ Kd7 20. Qg4+ Ke8 21. Be3 Rd8 22. Re1 Qb5 23. Bg5 Rd7 24. Qh5+ Kd8 25. Bxe7+ Rxe7 26. Qxb5 Rxe1+ 27. Qf1 Rxf1+ 28. Kxf1 1-0

[Event "Stuttgart-chB int"]
[Site "Ditzingen"]
[Date "2013.05.10"]
[Round "3"]
[White "Petitto, Francesco"]
[Black "Michna, Marcus"]
[Result "0-1"]
[WhiteElo "1663"]
[BlackElo "1789"]
[PlyCount "116"]
[EventDate "2013.05.09"]
[EventType "swiss"]
[EventRounds "7"]
[EventCountry "GER"]
[SourceTitle "EXT 2014"]
[Source "ChessBase"]
[SourceDate "2013.11.20"]
[SourceVersion "1"]
[SourceVersionDate "2013.11.20"]
[SourceQuality "1"]

1. d4 Nf6 2. Nf3 e6 3. e3 d5 4. Bd3 b6 5. Nbd2 Bb7 6. 0-0 Bd6 7. Re1 0-0 8. e4 dxe4 9. Nxe4 Nxe4 10. Bxe4 Bxe4 11. Rxe4 Nd7 12. Qd3 Be7 13. c4 Nc5 14. Qe2 Nxe4 15. Qxe4 Re8 16. Bd2 Bf6 17. Bc3 c5 18. Rd1 Qe7 19. dxc5 Bxc3 20. cxb6 axb6 21. bxc3 Red8 22. Re1 Ra5 23. h4 Qc5 24. Nd4 Rxa2 25. Qb1 Rda8 26. Rd1 g6 27. Nc2 R2a7 28. Ne3 Qa5 29. Qd3 Qc5 30. Ng4 Kg7 31. Re1 Ra1 32. Rxa1 Rxa1+ 33. Kh2 Qc7+ 34. g3 Qc5 35. Qf3 Qf5 36. Qe2 h5 37. Ne3 Qb1 38. Qf3 Qg1+ 39. Kh3 Qh1+ 40. Qxh1 Rxh1+ 41. Kg2 Rc1 42. Kf3 Rxc3 43. Ke4 Kf6 44. Kd4 Rc1 45. Kd3 Ke5 46. Nc2 Rxc2 47. Kxc2 Kd4 48. Kb3 e5 49. Kb4 f6 50. Kb5 e4 51. Kxb6 Kxc4 52. Kc6 Kd4 53. Kd6 e3 54. fxe3+ Kxe3 55. Ke6 Kf3 56. Kxf6 Kxg3 57. Kg5 Kf3 58. Kxg6 Kg4 0-1